Cold World Cities - Statistics

General Stats
  • This quiz has been taken 7 times
  • The average score is 15 of 25
Answer Stats
Hint Letter Answer % Correct
10) Sherpa guides on Everest often comefrom this cold Nepali capital K Kathmandu
100%
9) Snowy city on Hokkaido in Japan, site ofthe 1972 Winter Olympics S Sapporo
100%
8) The coldest recorded capital in the world U Ulaanbaatar
100%
16) Snowy capital of remote NorthernTerritories Y Yellowknife
100%
19) Famous ski town in Colorado near themountain of the same name A Aspen
83%
20) The "mile high" city gets a lot of snowin the winter months D Denver
83%
7) Large Siberian city near Lake Baikal I Irkutsk
83%
5) Cold capital of Greenland N Nuuk
83%
17) The coldest major city on Earth Y Yakutsk
83%
3) Cold capital of remote Nunavut,Canada I Iqaluit
67%
2) Northwestern Russian city onKola Bay near the Barents Sea M Murmansk
67%
6) Western Alaskan town on the Seward peninsula N Nome
67%
4) Snowy Swiss alpine town in the shadowof the Matterhorn Z Zermatt
67%
18) This cold city sits at the southern edgeof Hudson Bay C Churchill
50%
25) Also called the "icebox" of the US dueto its extreme cold I International Falls
50%
11) Arctic city on Svalbard in Norway wherepolar bears are commonplace L Longyearbyen
50%
15) Largest city north of the Arctic Circleof Norway T Tromso
50%
22) Northernmost settlement in Canadalocated on Ellesmere Island A Alert
33%
13) One of the coldest settlements on Earth,deep in Siberia O Oymyakon
33%
21) Northern Iceland city in the Eyjafjordurfjord A Akureyri
17%
24) Remote town in Canadas' Beaufort Deltaregion I Inuvik
17%
12) Snowy city deep in the northwestfjords of Iceland I Isafjordur
17%
23) Most northernmost town in Greenland, 167 miles from Canada Q Qaanaaq
17%
14) Chilly northern Finnish town, the largestin the Lapland region R Rovaniemi
17%
1) Formerly Barrow, AK U Utqiagvik
17%
No matching quizzes found
Score Distribution
Percent of People with Each Score
Percentile by Number Answered
Your Score History
You have not taken this quiz